| 000 | 00399nam a2200133Ia 4500 | ||
|---|---|---|---|
| 003 | GCL | ||
| 008 | 140319s9999 xx 000 0 ara d | ||
| 040 |
_aGCL / _cGCL |
||
| 082 | 0 | 4 |
_a809 _bع م |
| 100 | 1 | _aعماد حاتم | |
| 245 | 1 | 0 |
_aمدخل الى تاريخ الاداب الاوربية / _cعماد حاتم |
| 300 | _a436 ص | ||
| 490 |
_aالهيئة العامة للاستعلامات _v0 |
||
| 999 |
_c49311 _d49311 |
||